000 00568nam a2200181 i 4500
001 90241
003 ES-MaACL
005 20230906180405.0
007 t|
008 050119s1972 sp ||||1| spa d
100 1 _aLe Gall, André.
_970880
245 1 0 _aPadres e hijos, hoy
_b: la nueva función del padre en la sociedad actual /
_cAndré Le Gall ; [versión por Helios Rubio].
250 _a[1ª ed.].
260 _aBarcelona :
_bLuis Miracle,
_c[1972]
300 _a244 p. ;
_c22 cm.
700 1 _aRubio, Helios.
_9100345
852 _aES-MaACL
_jC-53890
_bR.86858
999 _c90241
_d90241